Представление документа в формате RUSMARC

ПолеНазваниеЗначение
  Тип записи a
  Библиографический уровень m
001 Контрольный номер edd3c0a6f8c2488c9016f87c7f730974
005 Дата корректировки 20150512162404.6
010 Индекс ISBN __
a ISBN 978-5-91131-870-3
101 Язык документа 0_
a Язык текста rus
102 Страна публикации __
a Страна публикации RU
200 Заглавие и сведения об ответственности 1_
a Заглавие Финансово-экономический анализ
e Сведения, относящиеся к заглавию учеб.-практ. пособие
f Первые сведения об ответственности К. А. Анущенкова, В. Ю. Анущенкова
210 Выходные данные 1_
c Издательство Дашков и К
a Место издания М.
d Дата издания 2008
215 Физическое описание __
a Объем 404 с.
610 Ключевые слова 0_
a Ключевые слова финансово-экономический анализ
610 Ключевые слова 0_
a Ключевые слова учебно-практическое пособие
610 Ключевые слова 0_
a Ключевые слова бухгалтерский баланс
610 Ключевые слова 0_
a Ключевые слова ликвидность
610 Ключевые слова 0_
a Ключевые слова денежный поток
610 Ключевые слова 0_
a Ключевые слова рентабельность
610 Ключевые слова 0_
a Ключевые слова прибыль
686 Индексы других классификаций __
a Классификационный индекс 65.053.9(2)
2 Код системы rubbk
700 Автор _1
a Фамилия Анущенкова
b Имя К. А.
701 Альтернативная интеллектуальная ответственность _1
a Фамилия Анущенкова
b Имя В. Ю.
801 Источник записи _0
a Страна RU
b Организация РУК
c Дата составления 20090903
g Правила каталогизации PSBO
801 Источник записи _1
a Страна RU
b Организация РУК
c Дата составления 20090903
g Правила каталогизации PSBO
852 Данные о местонахождении __
j Шифр хранения ББК 65.053
i Авторский знак А 73
901 Тип документа __
t Тип документа m
938 Служебная информация __
a Название организации Головной вуз
b Имя БД BOOK
c Название АИБС АИБС ИРБИС
938 Служебная информация __
a Название организации Владимирский филиал